| 000 | 00535nam a22001817a 4500 | ||
|---|---|---|---|
| 003 | OSt | ||
| 005 | 20260421082941.0 | ||
| 008 | 260421b |||||||| |||| 00| 0 eng d | ||
| 020 | _a 0-8133-1556-5 | ||
| 040 |
_aDWCL-Admin lib _cOC |
||
| 082 | _aCirc. 300.72 M29e | ||
| 100 | _aMalec, Michael A. | ||
| 245 |
_aEssential statistics for social research / _cMichael A. Malec |
||
| 260 |
_a Oxford : _b Westview press, _cc1993. |
||
| 300 |
_axx 291 p. ; _c23 cm. |
||
| 504 | _ainclude reference. | ||
| 942 |
_2ddc _cBK-CIRC _hCirc. _n0 |
||
| 999 |
_c9607 _d9607 |
||